HCM 2010 : highway capacity manual.

"HCM2010, which updates HCM2000, will significantly enhance how engineers and planners assess the traffic and environmental effects of highway projects by: providing an integrated multimodal approach to the analysis and evaluation of urban streets from the points of view of automobile drivers,...

Full description

Bibliographic Details
Corporate Author: Knovel (Firm). Transportation Research Board
Format: Database
Language:English
Published: Washington, D.C. : Transportation Research Board, ©2010-
Washington, D.C. : [2010-]
Edition:5th ed.
Subjects:
Online Access:Connect to the full text of this electronic reference book
Connect to the supplemental applications guide (requires username and password)

MARC

Tag First Indicator Second Indicator Subfields
LEADER 00000cai a2200000Ma 4500
001 in00002748813
005 20190331170507.0
006 m d
006 m o d
007 cr cnu||||||||
008 110412c20109999dcuuu l o f0 2eng
029 0 |a AU@  |b 000047270658 
035 |a (OCoLC)737666900 
040 |a AU@  |b eng  |c AU@  |d OCLCF  |d OCLCO  |d OCL  |d OCLCQ  |d VGM  |d CUY  |d OCLCO 
043 |a n-us--- 
049 |a TXAM 
050 1 0 |a HE336.H48  |b H54 2010 
050 1 4 |a HE336.H48  |b H54 2010 
245 0 0 |a HCM 2010 :  |b highway capacity manual. 
246 3 |a HCM2010 
246 3 0 |a Highway capacity manual 
246 1 7 |a Highway capacity manual 2010 
250 |a 5th ed. 
260 |a Washington, D.C. :  |b Transportation Research Board,  |c ©2010- 
264 1 |a Washington, D.C. :  |b Transportation Research Board,  |c [2010-] 
264 4 |c ©2010- 
300 |a 1 online resource (4 volumes) :  |b illustrations 
336 |a text  |b txt  |2 rdacontent 
337 |a computer  |b c  |2 rdamedia 
338 |a online resource  |b cr  |2 rdacarrier 
500 |a Electronic resource. 
504 |a Includes bibliographical references and indexes. 
505 0 |a v. 1. Concepts -- v. 2. Uninterrupted flow -- v. 3. Interrupted flow -- v. 4. Applications guide. 
506 |a Restricted to users at subscribing institutions. 
520 |a "HCM2010, which updates HCM2000, will significantly enhance how engineers and planners assess the traffic and environmental effects of highway projects by: providing an integrated multimodal approach to the analysis and evaluation of urban streets from the points of view of automobile drivers, transit passengers, bicyclists, and pedestrians; addressing the proper application of micro-simulation analysis and the evaluation of those results; examining active traffic management in relation to both demand and capacity; and exploring specific tools and generalized service volume tables, to assist planners in quickly sizing future facilities"--Transportation Research Board website. 
538 |a Mode of access: World Wide Web. 
650 0 |a Highway capacity  |z United States  |v Handbooks, manuals, etc. 
651 7 |a United States.  |2 fast  |0 (OCoLC)fst01204155 
655 7 |a Handbooks and manuals.  |2 fast  |0 (OCoLC)fst01423877 
710 2 |a Knovel (Firm).  |b Transportation Research Board. 
856 4 0 |u http://proxy.library.tamu.edu/login?url=http://coral.library.tamu.edu/resourcelink.php?resource=3336  |z Connect to the full text of this electronic reference book  |t 0 
856 4 2 |u http://proxy.library.tamu.edu/login?url=http://coral.library.tamu.edu/resourcelink.php?resource=3337  |z Connect to the supplemental applications guide (requires username and password)  |t 0 
994 |a C0  |b TXA 
999 |a MARS 
999 f f |s 8094634d-f7ac-316f-b3d9-6a5cc41a027b  |i 3c77f4cf-12fa-3bf6-a66b-ba8b0904bc05  |t 0 
952 f f |a Texas A&M University  |b College Station  |c Electronic Resources  |s www_evans  |d Available Online  |t 0  |e HE336.H48 H54 2010  |h Library of Congress classification